Statistics for Parts of Speech

Click here to take the quiz!

General Stats

  • This quiz has been taken 79 times
  • The average score is 8 of 11

Answer Stats

HintAnswer% Correct
cat, table, girlnoun
97%
happy, furry, friendlyadjective
96%
quickly, easily, dailyadverb
94%
have, give, isverb
86%
he, she, itpronoun
83%
and, or, butconjunction
75%
the, a, anarticle
68%
Canada, William, Chinaproper noun
61%
with, by, topreposition
57%
Wow! Ouch! Oh!interjection
38%
walking, talking, seeinggerund
28%

Score Distribution

Percentile by Number Answered

Percent of People with Each Score

Your Score History

You have not taken this quiz